Rzeczy związane z robloxem - Statystyki

Ogólne statystyki
  • Ten quiz został rozwiązany 154 razy
  • Średni wynik to 3 z 16
Answers on the Grid
Answers color-coded by a green-red scale on the quiz's grid according to % correct below.
Bacon
Noob
Gra
Programowanie
Roblox
1
2
3
4
5
6
Lua
7
8
9
10...
11
12
13
🌍
16
Hhyh
Yyy
Ooo
Aaa
Eee
H
F
G
F
 
Statystyki odpowiedzi
Odpowiedź % Poprawnych
Bacon
82%
Noob
69%
Gra
43%
Programowanie
34%
🌍
7%
F
5%
Ooo
5%
3
3%
10...
2%
F
2%
Hhyh
2%
Lua
2%
12
0%
5
0%
8
0%
Eee
0%
Nie znaleziono quizów pasujących do podanych kryteriów
Rozkład punktacji
Procent ludzi z każdym wynikiem
Percentyl według liczby udzielonych odpowiedzi
Twoja historia wyników
Nie rozwiązałeś tego quizu